[Event "BIH-chT 21st"]
[Site "Sarajevo"]
[Date "2023.11.06"]
[Round "7.3"]
[White "Saric, Ibro"]
[Black "Hodzic, Nihad"]
[Result "1-0"]
[WhiteElo "2520"]
[BlackElo "2248"]
[PlyCount "103"]
[EventDate "2023.10.31"]
[EventType "team-tourn"]
[EventRounds "9"]
[EventCountry "BIH"]
[SourceTitle "Mega2024 Update 01"]
[Source "Chessbase"]
[SourceDate "2023.11.12"]
[SourceVersion "1"]
[SourceVersionDate "2023.11.12"]
[SourceQuality "1"]
[WhiteTeam "Cazin"]
[BlackTeam "Konjic Igman"]
[WhiteTeamCountry "BIH"]
[BlackTeamCountry "BIH"]

1. d4 d5 2. c4 e6 3. Nf3 c5 4. cxd5 exd5 5. g3 Nc6 6. Bg2 Nf6 7. 0-0 Be7 8. Be3 c4 9. b3 cxb3 10. axb3 h6 11. Ne5 Be6 12. Nxc6 bxc6 13. Qc2 Qb6 14. Rc1 0-0 15. Qxc6 Qxb3 16. Nd2 Qb6 17. Ra6 Qxc6 18. Rcxc6 Rfc8 19. Rxc8+ Bxc8 20. Ra1 Bd8 21. Bf4 Be6 22. Nb3 Kf8 23. Bd6+ Ke8 24. Nc5 Bb6 25. e3 Rd8 26. Be5 Rc8 27. Nd3 Ke7 28. Nb4 Rc4 29. Bxf6+ Kxf6 30. Nxd5+ Bxd5 31. Bxd5 Rc2 32. Rb1 g5 33. Rb5 Ke7 34. Be4 Rc7 35. Kg2 Kf6 36. Kf3 Re7 37. Bd3 Bc7 38. Rc5 Kg7 39. Bf5 Bd6 40. Rc6 Bb4 41. d5 Re8 42. d6 Rd8 43. d7 a5 44. g4 Be7 45. Ra6 Bb4 46. Ke4 Rb8 47. Rc6 Rd8 48. Rc8 Be7 49. Kd5 a4 50. Kc6 a3 51. Bb1 Rf8 52. Kc7 1-0

[Event "BIH-chT 21st"]
[Site "Sarajevo"]
[Date "2023.11.03"]
[Round "4.3"]
[White "Hodzic, Nihad"]
[Black "Tadic, Branko"]
[Result "0-1"]
[WhiteElo "2248"]
[BlackElo "2429"]
[PlyCount "52"]
[EventDate "2023.10.31"]
[EventType "team-tourn"]
[EventRounds "9"]
[EventCountry "BIH"]
[SourceTitle "Mega2024 Update 01"]
[Source "Chessbase"]
[SourceDate "2023.11.12"]
[SourceVersion "1"]
[SourceVersionDate "2023.11.12"]
[SourceQuality "1"]
[WhiteTeam "Konjic Igman"]
[BlackTeam "Zenica Napredak"]
[WhiteTeamCountry "BIH"]
[BlackTeamCountry "BIH"]

1. d4 d5 2. c4 dxc4 3. Nf3 Nf6 4. e3 Bg4 5. Bxc4 e6 6. Qb3 Bxf3 7. gxf3 c5 8. dxc5 Bxc5 9. 0-0 Qe7 10. Bd2 0-0 11. Bc3 Nc6 12. Nd2 Rfd8 13. Rad1 Rac8 14. Be2 Nd5 15. Ne4 Bb6 16. f4 h6 17. Bf3 Qh4 18. Kh1 Qh3 19. Bg2 Qh5 20. Rg1 Qh4 21. Rxd5 exd5 22. Nf6+ gxf6 23. Bxd5+ Kf8 24. Bxf7 Ne7 25. Bg8 Qh5 26. Bxf6 Qf3+ 0-1

[Event "BIH-chT 21st"]
[Site "Sarajevo"]
[Date "2023.11.02"]
[Round "3.3"]
[White "Jakovljevic, Vlado"]
[Black "Hodzic, Nihad"]
[Result "1-0"]
[WhiteElo "2369"]
[BlackElo "2248"]
[PlyCount "165"]
[EventDate "2023.10.31"]
[EventType "team-tourn"]
[EventRounds "9"]
[EventCountry "BIH"]
[SourceTitle "Mega2024 Update 01"]
[Source "Chessbase"]
[SourceDate "2023.11.12"]
[SourceVersion "1"]
[SourceVersionDate "2023.11.12"]
[SourceQuality "1"]
[WhiteTeam "Pazaric Bjelasnica"]
[BlackTeam "Konjic Igman"]
[WhiteTeamCountry "BIH"]
[BlackTeamCountry "BIH"]

1. Nf3 Nf6 2. c4 g6 3. d4 Bg7 4. g3 0-0 5. Bg2 d5 6. cxd5 Nxd5 7. 0-0 Nb6 8. Nc3 Nc6 9. e3 Re8 10. h3 h6 11. Qc2 a5 12. Rd1 Be6 13. e4 Qc8 14. Kh2 Nb4 15. Qd2 a4 16. d5 Bd7 17. a3 Na6 18. Qe2 Nc5 19. Be3 Nb3 20. Rab1 Ra6 21. Nd2 e6 22. Nxb3 axb3 23. d6 cxd6 24. Rxd6 Nc4 25. Rxd7 Nxe3 26. Rd3 Nc4 27. Nb5 Qc5 28. Rxb3 Ra5 29. Rc1 Rxb5 30. Rxc4 Qb6 31. Rcb4 Rxb4 32. Rxb4 Qc7 33. Qb5 Rb8 34. Rc4 Qd6 35. Rc2 g5 36. Bf3 b6 37. Kg2 Qd4 38. b3 Be5 39. a4 Kg7 40. Rc4 Qb2 41. Qd7 Qxb3 42. Rc1 Qb2 43. Rd1 Qc3 44. Bh5 Rf8 45. Rd3 Qc7 46. Qxc7 Bxc7 47. Rd7 Be5 48. Rb7 Bd4 49. f4 gxf4 50. gxf4 Kg8 51. Kf3 Bc5 52. e5 Bg1 53. Ke4 Bc5 54. f5 exf5+ 55. Kxf5 Bf2 56. Bd1 Be3 57. Bb3 Bf2 58. h4 Bxh4 59. Rxb6 Re8 60. Rxh6 Bd8 61. Rc6 Kf8 62. Bd1 Bh4 63. Bb3 Bg3 64. Rc5 Re7 65. a5 Ra7 66. Bc4 Bf2 67. Rd5 Rc7 68. Bd3 Rc5 69. Rxc5 Bxc5 70. Ke4 Ke7 71. Kd5 Be3 72. Bf5 Kd8 73. Kc6 Ke7 74. a6 Bd4 75. Kb7 Kf8 76. a7 Bxa7 77. Kxa7 Kg7 78. Kb7 Kf8 79. Kc7 Ke7 80. Kc6 Kf8 81. Kd7 Kg8 82. Ke7 Kg7 83. Be6 1-0

[Event "Sarajevo-ch"]
[Site "Sarajevo"]
[Date "2021.06.05"]
[Round "9"]
[White "Sitnic, Adnan"]
[Black "Hodzic, Nihad"]
[Result "1/2-1/2"]
[WhiteElo "2219"]
[BlackElo "2284"]
[PlyCount "86"]
[EventDate "2021.05.30"]
[EventType "tourn"]
[EventRounds "9"]
[EventCountry "BIH"]
[SourceTitle "CBM 202 Extra"]
[Source "ChessBase"]
[SourceDate "2021.07.31"]
[SourceVersion "1"]
[SourceVersionDate "2021.07.31"]
[SourceQuality "1"]

1. e4 c5 2. f4 e6 3. Nf3 Be7 4. c3 d5 5. d3 Nc6 6. Be2 Nf6 7. e5 Ng4 8. Na3 Bd7 9. Nc2 0-0 10. 0-0 f6 11. d4 Qb6 12. h3 cxd4 13. cxd4 Nh6 14. g4 fxe5 15. fxe5 Nf7 16. Kg2 Nb4 17. Nce1 Bb5 18. Bxb5 Qxb5 19. a3 Nc6 20. Nd3 Rac8 21. b4 a5 22. a4 Qc4 23. Nf4 Ng5 24. Nxg5 Bxg5 25. Nxe6 Rxf1 26. Qxf1 Qxf1+ 27. Kxf1 Nxd4 28. Nxg5 Nb3 29. Rb1 Rxc1+ 30. Rxc1 Nxc1 31. bxa5 h6 32. Ne6 Nb3 33. Nc7 Nxa5 34. e6 Nc6 35. Nxd5 Nd4 36. e7 Kf7 37. Kf2 Nb3 38. Ke3 Nc5 39. Kd4 Nxa4 40. Ke5 Nc5 41. Kd6 Ne4+ 42. Kd7 Nc5+ 43. Kd8 Ne6+ 1/2-1/2

[Event "Sarajevo-ch"]
[Site "Sarajevo"]
[Date "2021.05.30"]
[Round "1"]
[White "Hodzic, Nihad"]
[Black "Halilovic, Fahrudin"]
[Result "1-0"]
[WhiteElo "2284"]
[BlackElo "2048"]
[PlyCount "75"]
[EventDate "2021.05.30"]
[EventType "tourn"]
[EventRounds "9"]
[EventCountry "BIH"]
[SourceTitle "CBM 202 Extra"]
[Source "ChessBase"]
[SourceDate "2021.07.31"]
[SourceVersion "1"]
[SourceVersionDate "2021.07.31"]
[SourceQuality "1"]

1. d4 Nf6 2. c4 g6 3. Nc3 Bg7 4. e4 d6 5. Nf3 0-0 6. h3 Na6 7. Be3 c5 8. d5 Qb6 9. Rb1 e6 10. Be2 exd5 11. cxd5 Re8 12. Nd2 Qa5 13. 0-0 Bf8 14. f4 Bd7 15. e5 b5 16. a4 Nc7 17. Bf2 dxe5 18. fxe5 Rxe5 19. Bg3 Rf5 20. d6 Nce8 21. Nxb5 Qb4 22. Nc4 Rxf1+ 23. Bxf1 Bxb5 24. axb5 Rd8 25. Ra1 Qxb5 26. Rxa7 Qb8 27. Ra6 Ne4 28. Rb6 Qa7 29. Be5 N8xd6 30. Rc6 Qd7 31. Rb6 Qa7 32. Qb3 Nxc4 33. Bxc4 Qe7 34. Re6 Qg5 35. Re8 Qc1+ 36. Kh2 Rd7 37. Qb8 Qh6 38. Qc8 1-0

[Event "Sarajevo-Tuzla Sloboda m"]
[Site "Sarajevo"]
[Date "2020.06.13"]
[Round "1.2"]
[White "Buljubasic, Sabahudin"]
[Black "Hodzic, Nihad"]
[Result "1-0"]
[WhiteElo "2300"]
[BlackElo "2284"]
[PlyCount "81"]
[EventDate "2020.06.13"]
[EventType "team-match"]
[EventRounds "1"]
[EventCountry "BIH"]
[SourceTitle "CBM 196 Extra"]
[Source "ChessBase"]
[SourceDate "2020.07.31"]
[SourceVersion "1"]
[SourceVersionDate "2020.07.31"]
[SourceQuality "1"]
[WhiteTeam "Tuzla Sloboda"]
[BlackTeam "Sarajevo"]
[WhiteTeamCountry "BIH"]
[BlackTeamCountry "BIH"]

1. e4 c5 2. Nf3 d6 3. d4 cxd4 4. Nxd4 Nf6 5. Nc3 a6 6. h3 e6 7. g4 h6 8. Bg2 g5 9. Be3 Nbd7 10. Qe2 Ne5 11. f4 gxf4 12. Bxf4 Nfd7 13. 0-0-0 b5 14. Kb1 Bb7 15. h4 Qa5 16. g5 b4 17. Nd5 exd5 18. exd5 Bxd5 19. Nb3 Bxb3 20. axb3 Rc8 21. Bd5 hxg5 22. Bxg5 Be7 23. Bf4 Rc5 24. Qg2 Nf6 25. Bxe5 dxe5 26. Bc4 e4 27. Qg7 Rf8 28. Rhf1 e3 29. Rxf6 Rxc4 30. bxc4 b3 31. cxb3 e2 32. Rff1 Qf5+ 33. Rxf5 exd1Q+ 34. Ka2 Qd6 35. Qg2 Qe6 36. Qa8+ Bd8 37. Rd5 Ke7 38. Qa7+ Kf6 39. Qd4+ Ke7 40. Qc5+ Ke8 41. Re5 1-0

[Event "Sarajevo Bosna op 49th"]
[Site "Sarajevo"]
[Date "2019.04.30"]
[Round "6"]
[White "Peric, Bernard"]
[Black "Hodzic, Nihad"]
[Result "1/2-1/2"]
[WhiteElo "2128"]
[BlackElo "2296"]
[PlyCount "41"]
[EventDate "2019.04.27"]
[EventType "swiss"]
[EventRounds "9"]
[EventCountry "BIH"]
[SourceTitle "CBM 190 Extra"]
[Source "ChessBase"]
[SourceDate "2019.07.15"]
[SourceVersion "1"]
[SourceVersionDate "2019.07.15"]
[SourceQuality "1"]

1. e4 c5 2. Nf3 d6 3. d4 cxd4 4. Nxd4 Nf6 5. Nc3 a6 6. Be2 e6 7. f4 Be7 8. 0-0 Qc7 9. Kh1 Nc6 10. Be3 0-0 11. a4 Bd7 12. Bd3 Nxd4 13. Bxd4 e5 14. Be3 Bc6 15. Qf3 Rac8 16. Rad1 b5 17. axb5 axb5 18. Nd5 Nxd5 19. exd5 Bd7 20. f5 Bf6 21. Qe4 1/2-1/2

[Event "Sarajevo Bosna op 49th"]
[Site "Sarajevo"]
[Date "2019.04.28"]
[Round "2"]
[White "Brkic, Ante"]
[Black "Hodzic, Nihad"]
[Result "1-0"]
[WhiteElo "2560"]
[BlackElo "2296"]
[PlyCount "57"]
[EventDate "2019.04.27"]
[EventType "swiss"]
[EventRounds "9"]
[EventCountry "BIH"]
[SourceTitle "CBM 190 Extra"]
[Source "ChessBase"]
[SourceDate "2019.07.15"]
[SourceVersion "1"]
[SourceVersionDate "2019.07.15"]
[SourceQuality "1"]

1. e4 c5 2. Nf3 e6 3. d4 cxd4 4. Nxd4 Nf6 5. Nc3 d6 6. Be3 a6 7. Be2 Be7 8. f4 Qc7 9. g4 Nc6 10. g5 Nd7 11. Rf1 0-0 12. f5 Nxd4 13. Qxd4 Re8 14. 0-0-0 Bf8 15. h4 b5 16. fxe6 fxe6 17. Nd5 Qb7 18. Nf6+ Nxf6 19. gxf6 e5 20. Qd2 gxf6 21. Rxf6 Be6 22. Rxf8+ Rxf8 23. Qxd6 Bf7 24. h5 Qxe4 25. Qh6 Bc4 26. Rg1+ Kf7 27. Rf1+ Kg8 28. Bxc4+ Qxc4 29. Qg5+ 1-0

[Event "Sarajevo Bosna op 49th"]
[Site "Sarajevo"]
[Date "2019.04.27"]
[Round "1"]
[White "Hodzic, Nihad"]
[Black "Lapo, Safet"]
[Result "1-0"]
[WhiteElo "2296"]
[BlackElo "1770"]
[PlyCount "61"]
[EventDate "2019.04.27"]
[EventType "swiss"]
[EventRounds "9"]
[EventCountry "BIH"]
[SourceTitle "CBM 190 Extra"]
[Source "ChessBase"]
[SourceDate "2019.07.15"]
[SourceVersion "1"]
[SourceVersionDate "2019.07.15"]
[SourceQuality "1"]

1. d4 d5 2. c4 e6 3. Nc3 Nf6 4. Nf3 Be7 5. Bf4 0-0 6. e3 b6 7. Rc1 Bb4 8. Bd3 dxc4 9. Bxc4 Ne4 10. 0-0 Nxc3 11. bxc3 Ba3 12. Rb1 Bb7 13. Bd3 Bxf3 14. Qxf3 Nd7 15. Qg3 c6 16. Bh6 g6 17. Bxf8 Bxf8 18. Rfd1 Nf6 19. e4 c5 20. dxc5 Bxc5 21. e5 Nh5 22. Qf3 Rc8 23. Bxg6 Qxd1+ 24. Rxd1 hxg6 25. g4 Ng7 26. Rd7 Rf8 27. Rxa7 Ne8 28. Qc6 Ng7 29. a4 Rd8 30. Ra8 Rxa8 31. Qxa8+ 1-0

[Event "Sarajevo Bosna op 48th"]
[Site "Sarajevo"]
[Date "2018.05.11"]
[Round "9"]
[White "Radovanovic, Nikola"]
[Black "Hodzic, Nihad"]
[Result "1-0"]
[WhiteElo "2438"]
[BlackElo "2280"]
[PlyCount "115"]
[EventDate "2018.05.05"]
[EventType "swiss"]
[EventRounds "9"]
[EventCountry "BIH"]
[SourceTitle "CBM 184 Extra"]
[Source "ChessBase"]
[SourceDate "2018.06.28"]
[SourceVersion "1"]
[SourceVersionDate "2018.06.28"]
[SourceQuality "1"]

1. e4 e6 2. d4 d5 3. Nc3 Nf6 4. e5 Nfd7 5. f4 c5 6. Nf3 Nc6 7. Be3 Qb6 8. Na4 Qa5+ 9. c3 cxd4 10. b4 Nxb4 11. cxb4 Bxb4+ 12. Bd2 Bxd2+ 13. Nxd2 0-0 14. Bd3 b5 15. Nb2 Nb6 16. 0-0 Nc4 17. Nb3 Qa3 18. Bxh7+ Kxh7 19. Nd3 g6 20. Qg4 Qe7 21. Nxd4 Bd7 22. Qe2 Kg7 23. Nf2 Qc5 24. Rad1 b4 25. Rd3 Rae8 26. Kh1 Rh8 27. Ng4 Bc8 28. Nf6 Ref8 29. Qf2 Qb6 30. Qg3 Na3 31. f5 exf5 32. Nxd5 Qb7 33. e6 fxe6 34. Qe5+ Kg8 35. Nf6+ Kf7 36. Nf3 Rd8 37. Ng5+ Ke7 38. Nd5+ Rxd5 39. Rxd5 Qxd5 40. Qxh8 Bb7 41. Qg7+ Kd6 42. Nf3 a5 43. Qxg6 Nc4 44. Qg7 Kc5 45. Rc1 Kb6 46. Re1 Nd6 47. h4 Ne4 48. h5 Nf2+ 49. Kg1 Ng4 50. h6 Qxa2 51. Qd4+ Kb5 52. Qd7+ Bc6 53. Nd4+ Kc4 54. Rc1+ Kd3 55. Nxc6+ Ke2 56. Qd1+ Ke3 57. Qf3+ Kd2 58. Rd1+ 1-0

[Event "Sarajevo Bosna op 48th"]
[Site "Sarajevo"]
[Date "2018.05.10"]
[Round "8"]
[White "Hodzic, Nihad"]
[Black "Marjanovic, Dejan"]
[Result "1-0"]
[WhiteElo "2280"]
[BlackElo "2391"]
[PlyCount "179"]
[EventDate "2018.05.05"]
[EventType "swiss"]
[EventRounds "9"]
[EventCountry "BIH"]
[SourceTitle "CBM 184 Extra"]
[Source "ChessBase"]
[SourceDate "2018.06.28"]
[SourceVersion "1"]
[SourceVersionDate "2018.06.28"]
[SourceQuality "1"]

1. d4 Nf6 2. c4 e6 3. Nc3 c5 4. d5 d6 5. e4 exd5 6. cxd5 g6 7. h3 Bg7 8. Nf3 0-0 9. Bd3 Na6 10. 0-0 Nc7 11. Re1 Nd7 12. Bf4 Qe7 13. Bf1 f6 14. Nd2 Ne5 15. Be3 g5 16. Nc4 Bd7 17. a4 Rae8 18. Nxe5 Qxe5 19. Be2 h6 20. Bh5 Re7 21. g4 Be8 22. Bxe8 Rexe8 23. Qf3 a6 24. Qf5 Ra8 25. Qxe5 fxe5 26. Ne2 b5 27. Ng3 bxa4 28. Rxa4 Rab8 29. Rb1 Rb6 30. b4 Rfb8 31. Bd2 Rb5 32. Rc1 Bf8 33. Nf5 R8b6 34. Kg2 Ne8 35. Rc4 Kh7 36. Ne3 cxb4 37. Rcxb4 Kg6 38. Nc4 Rb8 39. Na3 Rxb4 40. Rxb4 Rxb4 41. Bxb4 Be7 42. Nc4 Kf6 43. Ba5 Bf8 44. Bd8+ Be7 45. Bb6 Bf8 46. Na5 Ke7 47. Nc6+ Kd7 48. Ba5 Kc8 49. Nb4 Kb7 50. Kf3 Nf6 51. Nc6 Nd7 52. Ke3 Kc8 53. f3 Nc5 54. Bb4 Nd7 55. Kd3 Kc7 56. Ba5+ Kc8 57. Kc4 Nc5 58. Bb6 Nb7 59. Kb4 Bg7 60. Ka4 Bf8 61. Nb4 a5 62. Nc6 Kd7 63. Kb5 Kc8 64. Ka6 a4 65. Na7+ Kb8 66. Kb5 a3 67. Nc6+ Kc8 68. Nb4 Kd7 69. Ka4 Be7 70. Kxa3 Bd8 71. Bf2 Bf6 72. Nc6 Nd8 73. Na5 Nf7 74. Kb4 Bd8 75. Nc4 Nh8 76. Kb5 Ng6 77. Ne3 Nf4 78. Nf5 Nxh3 79. Be3 Bc7 80. Nxh6 Bd8 81. Nf5 Bf6 82. Kc4 Bd8 83. Kd3 Nf4+ 84. Bxf4 gxf4 85. Ng7 Bf6 86. Ne6 Ke7 87. Kc4 Bh4 88. Kb5 Be1 89. Kc6 Bb4 90. Ng7 1-0

[Event "Sarajevo Bosna op 47th"]
[Site "Sarajevo"]
[Date "2017.05.17"]
[Round "7"]
[White "Hodzic, Nihad"]
[Black "Urh, Zala"]
[Result "1-0"]
[WhiteElo "2266"]
[BlackElo "2036"]
[PlyCount "61"]
[EventDate "2017.05.13"]
[EventType "swiss"]
[EventRounds "9"]
[EventCountry "BIH"]
[SourceTitle "CBM 178 Extra"]
[Source "ChessBase"]
[SourceDate "2017.06.22"]
[SourceVersion "1"]
[SourceVersionDate "2017.06.22"]
[SourceQuality "1"]

1. d4 Nf6 2. c4 e6 3. Nc3 Bb4 4. f3 c5 5. a3 Bxc3+ 6. bxc3 d6 7. e4 0-0 8. Bd3 e5 9. Ne2 Nc6 10. Be3 b6 11. d5 Ne7 12. 0-0 Ng6 13. a4 a5 14. Rb1 Rb8 15. Rb2 Bd7 16. Bc2 Re8 17. Qd2 h6 18. Ng3 Ne7 19. h3 Nc8 20. f4 exf4 21. Bxf4 Nh7 22. Qd3 Nf8 23. Rbb1 Ng6 24. e5 dxe5 25. Bxh6 e4 26. Nxe4 gxh6 27. Rxf7 Ne5 28. Qg3+ Kxf7 29. Rf1+ Bf5 30. Rxf5+ Ke7 31. Qg7+ 1-0

[Event "Sarajevo Bosna op 47th"]
[Site "Sarajevo"]
[Date "2017.05.13"]
[Round "1"]
[White "Strinic, Hamdija"]
[Black "Hodzic, Nihad"]
[Result "0-1"]
[WhiteElo "1749"]
[BlackElo "2266"]
[PlyCount "64"]
[EventDate "2017.05.13"]
[EventType "swiss"]
[EventRounds "9"]
[EventCountry "BIH"]
[SourceTitle "CBM 178 Extra"]
[Source "ChessBase"]
[SourceDate "2017.06.22"]
[SourceVersion "1"]
[SourceVersionDate "2017.06.22"]
[SourceQuality "1"]

1. d4 Nf6 2. Bf4 c5 3. e3 cxd4 4. exd4 Qb6 5. b3 Nc6 6. Nf3 d5 7. Be2 Bg4 8. c3 e6 9. Nbd2 Rc8 10. 0-0 Ba3 11. c4 0-0 12. c5 Qa5 13. Be5 Nxe5 14. dxe5 Nd7 15. h3 Bh5 16. g4 Bg6 17. h4 Bb2 18. h5 Bxa1 19. Qxa1 Be4 20. Nxe4 dxe4 21. Ng5 Qd2 22. Qd1 Qxg5 23. Qxd7 Rxc5 24. Qxb7 e3 25. f4 Qh4 26. Qf3 Rc3 27. Kg2 Rd8 28. Rh1 Qe7 29. h6 Rd2 30. Kg3 Qc5 31. Bc4 e2 32. Qxc3 e1Q+ 0-1

[Event "Sarajevo Bosna op 46th"]
[Site "Sarajevo"]
[Date "2016.06.01"]
[Round "7"]
[White "Hodzic, Nihad"]
[Black "Drazic, Sinisa"]
[Result "0-1"]
[WhiteElo "2215"]
[BlackElo "2422"]
[PlyCount "68"]
[EventDate "2016.05.28"]
[EventType "swiss"]
[EventRounds "9"]
[EventCountry "BIH"]
[SourceTitle "CBM 172 Extra"]
[Source "ChessBase"]
[SourceDate "2016.06.21"]
[SourceVersion "1"]
[SourceVersionDate "2016.06.21"]
[SourceQuality "1"]

1. d4 g6 2. c4 Bg7 3. Nf3 c5 4. d5 d6 5. e4 e5 6. Nc3 h6 7. h4 Nf6 8. Be2 Nbd7 9. a3 a6 10. b4 0-0 11. Bd2 Nh5 12. Ng1 Nf4 13. Bf1 Nf6 14. bxc5 dxc5 15. g3 N4h5 16. Be2 Bd7 17. a4 b6 18. Kf1 Rb8 19. Rb1 Kh7 20. Kg2 Qc8 21. Be3 Ng4 22. Bxg4 Bxg4 23. f3 Bd7 24. Nge2 f5 25. Bf2 Nf6 26. Rh2 fxe4 27. Nxe4 Nxe4 28. fxe4 Bg4 29. Qc2 h5 30. Be3 Bf3+ 31. Kg1 Qg4 32. Qd2 Bxe4 33. Rc1 Rf3 34. Rf2 Rbf8 0-1

[Event "Sarajevo Bosna op 46th"]
[Site "Sarajevo"]
[Date "2016.05.31"]
[Round "6"]
[White "Kurajica, Bojan"]
[Black "Hodzic, Nihad"]
[Result "1/2-1/2"]
[WhiteElo "2527"]
[BlackElo "2215"]
[PlyCount "98"]
[EventDate "2016.05.28"]
[EventType "swiss"]
[EventRounds "9"]
[EventCountry "BIH"]
[SourceTitle "CBM 172 Extra"]
[Source "ChessBase"]
[SourceDate "2016.06.21"]
[SourceVersion "1"]
[SourceVersionDate "2016.06.21"]
[SourceQuality "1"]

1. Nf3 Nf6 2. c4 c5 3. d4 cxd4 4. Nxd4 e5 5. Nb5 d5 6. cxd5 Bc5 7. N5c3 0-0 8. g3 Qb6 9. e3 Bg4 10. Be2 Bf5 11. 0-0 Nbd7 12. a3 a5 13. Nd2 e4 14. Nc4 Qd8 15. Rb1 Bh3 16. Re1 Rc8 17. Nb5 Nb6 18. Nxa5 Nbxd5 19. Nxb7 Qb6 20. Nxc5 Rxc5 21. Qb3 Rb8 22. a4 Ng4 23. Qd1 Ndf6 24. Nd4 h5 25. b4 Rg5 26. b5 h4 27. a5 Qxa5 28. Nc6 Qc7 29. Ba3 Nxf2 30. Qd6 hxg3 31. Rf1 gxh2+ 32. Kxf2 Rg2+ 33. Ke1 Rxe2+ 34. Kxe2 Bxf1+ 35. Rxf1 Qxd6 36. Bxd6 Rxb5 37. Ne7+ Kh7 38. Kf2 Ng4+ 39. Kg3 Nxe3 40. Rh1 Rh5 41. Bf4 Nc2 42. Kf2 f6 43. Rxh2 Rxh2+ 44. Bxh2 Kh6 45. Nf5+ Kg6 46. Nd6 f5 47. Be5 Nb4 48. Bxg7 Kxg7 49. Nxf5+ Kf6 1/2-1/2

[Event "Sarajevo Bosna op 45th"]
[Site "Sarajevo"]
[Date "2015.06.04"]
[Round "8"]
[White "Hodzic, Nihad"]
[Black "Dedebas, Emre Emin"]
[Result "1/2-1/2"]
[WhiteElo "2210"]
[BlackElo "2036"]
[PlyCount "40"]
[EventDate "2015.05.30"]
[EventType "swiss"]
[EventRounds "9"]
[EventCountry "BIH"]
[SourceTitle "CBM 166 Extra"]
[Source "ChessBase"]
[SourceDate "2015.06.18"]
[SourceVersion "1"]
[SourceVersionDate "2015.06.18"]
[SourceQuality "1"]

1. d4 d5 2. c4 dxc4 3. e4 c5 4. d5 Nf6 5. Nc3 b5 6. e5 b4 7. Nb5 a6 8. Qa4 Bd7 9. Bxc4 Qb6 10. exf6 Bxb5 11. Qc2 Nd7 12. Ne2 Nxf6 13. b3 g6 14. Bb2 Bg7 15. 0-0 0-0 16. Ng3 Rad8 17. Rad1 Bxc4 18. bxc4 e6 19. Bxf6 Bxf6 20. Ne4 exd5 1/2-1/2

[Event "Sarajevo Bosna op 45th"]
[Site "Sarajevo"]
[Date "2015.06.02"]
[Round "6"]
[White "Cabric, Izet"]
[Black "Hodzic, Nihad"]
[Result "1/2-1/2"]
[WhiteElo "1952"]
[BlackElo "2210"]
[PlyCount "133"]
[EventDate "2015.05.30"]
[EventType "swiss"]
[EventRounds "9"]
[EventCountry "BIH"]
[SourceTitle "CBM 166 Extra"]
[Source "ChessBase"]
[SourceDate "2015.06.18"]
[SourceVersion "1"]
[SourceVersionDate "2015.06.18"]
[SourceQuality "1"]

1. e4 c5 2. Nf3 d6 3. c3 Nf6 4. Be2 Nc6 5. d3 e6 6. 0-0 Be7 7. a3 a5 8. h3 d5 9. e5 Nd7 10. d4 a4 11. Bb5 Nb6 12. dxc5 Bxc5 13. Re1 Bd7 14. Bd3 Be7 15. Be3 h6 16. Nbd2 Rc8 17. Rc1 Kf8 18. c4 dxc4 19. Nxc4 Nxc4 20. Rxc4 b5 21. Rc1 Na5 22. Rxc8 Qxc8 23. Qe2 Qb7 24. Rd1 Nb3 25. Be4 Bc6 26. Bxc6 Qxc6 27. Nd4 Nxd4 28. Rxd4 g6 29. Qd2 Kg7 30. Rd7 Bc5 31. Bxc5 Qxc5 32. Qf4 Rf8 33. h4 h5 34. g4 hxg4 35. h5 Qc8 36. Re7 Qc2 37. Qf6+ Kh6 38. hxg6 Qxg6 39. Rxe6 fxe6 40. Qxf8+ Kh5 41. Kh2 Qh6 42. Qf7+ Kg5+ 43. Kg1 Qg6 44. Qe7+ Kh5 45. Kh2 Qf5 46. Qe8+ Kg5 47. Qe7+ Kf4 48. Qb4+ Qe4 49. Qxb5 Qxe5 50. Qb7 Kf5+ 51. Kg1 Qe1+ 52. Kg2 Qe4+ 53. Qxe4+ Kxe4 54. Kg3 Kf5 55. f3 gxf3 56. Kxf3 Ke5 57. Ke3 Kd5 58. Kd3 e5 59. Kc3 e4 60. b3 axb3 61. Kxb3 Kd4 62. Kc2 Ke3 63. a4 Kf2 64. a5 e3 65. a6 e2 66. a7 e1Q 67. a8Q 1/2-1/2

[Event "Sarajevo Bosna op 45th"]
[Site "Sarajevo"]
[Date "2015.06.01"]
[Round "4"]
[White "Hodzic, Nihad"]
[Black "Popic, Boris"]
[Result "1-0"]
[WhiteElo "2210"]
[BlackElo "2009"]
[PlyCount "113"]
[EventDate "2015.05.30"]
[EventType "swiss"]
[EventRounds "9"]
[EventCountry "BIH"]
[SourceTitle "CBM 166 Extra"]
[Source "ChessBase"]
[SourceDate "2015.06.18"]
[SourceVersion "1"]
[SourceVersionDate "2015.06.18"]
[SourceQuality "1"]

1. d4 d5 2. c4 e6 3. Nc3 Nf6 4. cxd5 exd5 5. Bg5 Be7 6. e3 0-0 7. Bd3 Re8 8. Qc2 h6 9. Bh4 Nbd7 10. Nge2 a6 11. 0-0 b6 12. Rad1 Bb7 13. f3 c5 14. Bf2 Rc8 15. Bf5 Qc7 16. Kh1 Bd6 17. Bg1 Rcd8 18. Rfe1 Bf8 19. Na4 Kh8 20. Rc1 g6 21. Bh3 c4 22. Nac3 b5 23. Ng3 b4 24. Nb1 h5 25. Nd2 Bh6 26. Bf2 Bc6 27. Ngf1 Qb7 28. Rcd1 Nb6 29. Bg3 Kg8 30. Be5 Nfd7 31. Bd6 a5 32. e4 Bf8 33. Bxf8 Nxf8 34. e5 Bd7 35. Bxd7 Qxd7 36. Ne3 Ne6 37. Ndf1 Nf4 38. Ng3 Nd3 39. Rf1 a4 40. b3 Rc8 41. f4 cxb3 42. Qxd3 bxa2 43. f5 Rc3 44. Qd2 Rec8 45. fxg6 fxg6 46. Rf6 R8c6 47. Rdf1 Rxf6 48. exf6 Kf7 49. Nc2 Qb5 50. Qh6 Nc8 51. Qg7+ Ke6 52. Re1+ Kd6 53. f7 Kc7 54. f8Q+ Kb8 55. Qxb4 Rb3 56. Qe5+ Ka8 57. Qxb5 1-0

[Event "Sarajevo Bosna op 45th"]
[Site "Sarajevo"]
[Date "2015.05.31"]
[Round "3"]
[White "Dizdarevic, Emir"]
[Black "Hodzic, Nihad"]
[Result "1-0"]
[WhiteElo "2546"]
[BlackElo "2210"]
[PlyCount "69"]
[EventDate "2015.05.30"]
[EventType "swiss"]
[EventRounds "9"]
[EventCountry "BIH"]
[SourceTitle "CBM 166 Extra"]
[Source "ChessBase"]
[SourceDate "2015.06.18"]
[SourceVersion "1"]
[SourceVersionDate "2015.06.18"]
[SourceQuality "1"]

1. Nf3 f5 2. g3 Nf6 3. Bg2 g6 4. b3 Bg7 5. Bb2 0-0 6. 0-0 d6 7. d4 Na6 8. Nbd2 Rb8 9. e3 Qe8 10. Qe2 c5 11. Ne1 Bd7 12. Nd3 Bc6 13. Bxc6 Qxc6 14. c4 b5 15. Rfc1 bxc4 16. Rxc4 Qb5 17. dxc5 Nxc5 18. Nxc5 dxc5 19. Bxf6 Rxf6 20. Rac1 Rc8 21. Nf3 Rd6 22. Kg2 Rd5 23. e4 fxe4 24. Qxe4 Qd7 25. b4 Rf8 26. Rxc5 Rd3 27. Ne5 Bxe5 28. Rxe5 Rd2 29. Rf1 Rf7 30. a3 Ra2 31. Rd5 Qc7 32. Rc5 Qd7 33. Qe3 Qb7+ 34. Kg1 Rf3 35. Qe6+ 1-0